[Event "AUTO-OPEN-2957"]
[Site "http://www.queenalice.com/game.php?id=1167589"]
[Date "2013.4.2"]
[Round "1"]
[White "jocapeme"]
[Black "wederpacheco2"]
[Result "0-1"]
[WhiteElo "1488"]
[BlackElo "1942"]

1. e4 e6 2. Nf3 d5 3. e5 c5 4. Nc3 Nc6 5. Bb5 Bd7 6. O-O Qb6 7. d3 d4 8. Bxc6
Bxc6 9. Bf4 dxc3 10. bxc3 Ne7 11. Rb1 Qc7 12. Re1 Nd5 13. Qd2 O-O-O 14. c4 Nxf4
15. Qxf4 f6 16. Rbd1 Be7 17. c3 g5 18. Qe3 g4 19. exf6 gxf3 20. Qxe6+ Qd7 21.
fxe7 Rde8 22. Qxd7+ Kxd7 23. Re3 Rxe7 24. Rxf3 Bxf3 25. gxf3 Re2 26. a4 Rhe8 27.
Kf1 Ra2 28. d4 Ree2 29. dxc5+ Kc6 30. f4 Rxf2+ 31. Kg1 Rg2+ 32. Kf1 Rxh2 33. f5
Rh1# 0-1

[Event "AUTO-OPEN-2957"]
[Site "http://www.queenalice.com/game.php?id=1167590"]
[Date "2013.4.2"]
[Round "1"]
[White "wederpacheco2"]
[Black "jocapeme"]
[Result "1-0"]
[WhiteElo "1980"]
[BlackElo "1488"]

1. e4 e5 2. Nf3 Nc6 3. Bb5 a6 4. Ba4 Nf6 5. O-O Bc5 6. Nxe5 Nxe5 7. d4 Nxe4 8.
dxc5 Nxc5 9. Re1 Qe7 10. Bb3 O-O 11. f4 Nc6 12. Rxe7 Nxe7 13. Nc3 c6 14. Qd6 1-0

[Event "AUTO-OPEN-2957"]
[Site "http://www.queenalice.com/game.php?id=1167615"]
[Date "2013.4.2"]
[Round "1"]
[White "carito30236"]
[Black "wederpacheco2"]
[Result "0-1"]
[WhiteElo "1770"]
[BlackElo "1835"]

1. e4 e6 2. d4 d5 3. Nc3 Bb4 4. Bd3 c5 5. Bb5+ Bd7 6. Bxd7+ Qxd7 7. Bd2 cxd4 8.
Nce2 Nc6 9. Bxb4 Nxb4 10. Nxd4 dxe4 11. Nge2 e5 12. Qd2 a5 13. a3 Nd5 14. Nb3 b6
15. Qg5 Ngf6 16. O-O-O Qc7 17. g3 O-O 18. Kb1 b5 19. h4 Rfc8 20. Qd2 b4 21. Rc1
a4 22. c4 bxc3 23. Nxc3 Nxc3+ 24. Rxc3 Qb7 25. Rxc8+ Rxc8 26. Na1 e3 27. Qd1 Ne4
28. Ka2 Nxf2 29. Qxa4 Nxh1 30. Nb3 e2 31. Nc5 Qd5+ 32. Nb3 e1=Q 33. Qa6 Rb8 34.
Qa4 Qe3 0-1

[Event "AUTO-OPEN-2957"]
[Site "http://www.queenalice.com/game.php?id=1167616"]
[Date "2013.4.2"]
[Round "1"]
[White "wederpacheco2"]
[Black "carito30236"]
[Result "1-0"]
[WhiteElo "1500"]
[BlackElo "1770"]

1. e4 e5 2. Nf3 d6 3. d4 Nf6 4. Nc3 Bg4 5. dxe5 Bxf3 6. Qxf3 dxe5 7. Bg5 Nbd7 8.
O-O-O Bd6 9. Nb5 Qe7 10. Bc4 a6 11. Nc3 Nb6 12. Bb3 h6 13. Be3 O-O-O 14. Rd2
Nfd7 15. Qxf7 Qxf7 16. Bxf7 Bb4 17. Rd3 Rhf8 18. Be6 Kb8 19. Rhd1 Kc8 20. Bxb6
cxb6 21. Rxd7 Rxd7 22. Rxd7 Kb8 23. Nd5 Be1 24. f3 b5 25. Rxg7 a5 26. Nb6 Ka7
27. Nd7 Re8 28. Bd5 a4 29. Nc5 Bb4 30. Rxb7+ Ka8 31. Nd7 Ba5 32. Rxb5+ Ka7 33.
Rxa5# 1-0

[Event "AUTO-OPEN-2957"]
[Site "http://www.queenalice.com/game.php?id=1167631"]
[Date "2013.4.2"]
[Round "1"]
[White "Spessatto"]
[Black "wederpacheco2"]
[Result "0-1"]
[WhiteElo "1889"]
[BlackElo "1947"]

1. d4 Nf6 2. h3 e6 3. Nf3 c5 4. e3 Nc6 5. c3 d5 6. Bb5 Bd7 7. O-O Ne4 8. Bxc6
Bxc6 9. Nbd2 f5 10. Ne5 Nf6 11. Nxc6 bxc6 12. Nf3 Bd6 13. Ne5 Qc7 14. Nf3 O-O
15. Ng5 Rae8 16. a3 h6 17. Nf3 Ne4 18. Nd2 e5 19. dxe5 Bxe5 20. Nf3 Bf6 21. Qa4
g5 22. Nd2 Kh8 23. Nxe4 Rxe4 24. Qa6 g4 25. f3 Re7 26. fxg4 fxg4 27. hxg4 Ref7
28. e4 Bg5 29. Bxg5 hxg5 30. exd5 Qg3 31. Qxc6 Qe3+ 32. Kh1 Rh7+ 0-1

[Event "AUTO-OPEN-2957"]
[Site "http://www.queenalice.com/game.php?id=1167632"]
[Date "2013.4.2"]
[Round "1"]
[White "wederpacheco2"]
[Black "Spessatto"]
[Result "1-0"]
[WhiteElo "1980"]
[BlackElo "1868"]

1. e4 e5 2. Nf3 Nc6 3. d4 Bb4+ 4. c3 Ba5 5. b4 Bb6 6. a4 a6 7. d5 Nce7 8. Nxe5
d6 9. Nc4 Ba7 10. Bg5 h6 11. Bh4 Qd7 12. Be2 Ng6 13. Bg3 Nf6 14. Nbd2 O-O 15.
O-O Re8 16. Bd3 b5 17. Na5 Ne5 18. Bxe5 Ng4 19. Bd4 Bxd4 20. cxd4 bxa4 21. Nc6
Nf6 22. Rxa4 Bb7 23. b5 axb5 24. Rxa8 Rxa8 25. Bxb5 Ra5 26. Qb3 Ra8 27. Na5 Qc8
28. Nxb7 Qxb7 29. f3 Rb8 30. Bc4 Qa7 31. Qd3 Nh5 32. Rb1 Ra8 33. Kf2 Nf4 34. Qc3
Ng6 35. Ke3 Ne5 36. Qb3 Kh7 37. Qb7 Nxc4+ 38. Nxc4 Qa2 39. Nd2 Ra3+ 40. Rb3 Ra7
41. Qb5 Ra6 42. Qd7 Ra8 43. Qxf7 Qc2 44. Qf5+ Kg8 45. Qd7 Qd1 46. Qc6 Qe1+ 47.
Kd3 Ra2 48. Qc3 Kf7 49. Qxc7+ Kg8 50. Qc8+ 1-0

[Event "Challenge"]
[Site "http://www.queenalice.com/game.php?id=1169715"]
[Date "2013.4.9"]
[Round "-"]
[White "tallos"]
[Black "wederpacheco2"]
[Result "1/2-1/2"]
[WhiteElo "2076"]
[BlackElo "2032"]

1. e4 e6 2. d4 d5 3. Nd2 c5 4. Ngf3 cxd4 5. exd5 exd5 6. Bb5+ Nd7 7. O-O Be7 8.
Nxd4 Nf6 9. Nf5 O-O 10. Nb3 Nc5 11. Nxe7+ Qxe7 12. Be3 Ne6 13. Re1 a6 14. Be2
Bd7 15. Bf3 Bc6 16. Bc5 Qd7 17. Bxf8 Kxf8 18. Qd2 h6 19. Rad1 Ng5 20. Be2 Nfe4
21. Qb4+ Kg8 22. f3 Nd6 23. c4 Qc7 24. cxd5 Bd7 25. Rc1 Qb8 26. Qc5 Nf5 27. Bd3
Nh4 28. Qf2 Qf4 29. Rc4 Nhxf3+ 30. Kf1 Nxh2+ 31. Kg1 Nhf3+ 32. Kf1 Nh2+ 33. Kg1
Nhf3+ 34. Kf1 Nh2+ 35. Kg1 Nhf3+ 1/2-1/2

[Event "Challenge"]
[Site "http://www.queenalice.com/game.php?id=1169717"]
[Date "2013.4.9"]
[Round "-"]
[White "wederpacheco2"]
[Black "tallos"]
[Result "0-1"]
[WhiteElo "2041"]
[BlackElo "2076"]

1. e4 g6 2. d4 Bg7 3. Be3 c6 4. Qd2 d5 5. e5 c5 6. c3 Nc6 7. Nf3 Bg4 8. Be2 e6
9. Na3 Nge7 10. Bg5 cxd4 11. cxd4 O-O 12. Nb5 Qb6 13. a4 Bxf3 14. a5 Qd8 15.
Bxf3 Qd7 16. Nd6 Nc8 17. Nb5 Nxe5 18. Be2 Nc6 19. O-O a6 20. Nc3 Nxd4 21. Ra3
Nxe2+ 22. Nxe2 Nd6 23. Qf4 Ne4 24. Rd1 Nxg5 25. Qxg5 Qd8 26. Qd2 Rc8 27. Qb4 Qf6
28. Rb3 Qe5 29. Re1 Qc7 30. h4 h5 31. Rc1 Qe5 32. Rxc8 Rxc8 33. Qxb7 Rc2 34. Ng3
Qe1+ 0-1

[Event "Challenge"]
[Site "http://www.queenalice.com/game.php?id=1171147"]
[Date "2013.4.13"]
[Round "-"]
[White "AlekinePb"]
[Black "wederpacheco2"]
[Result "0-1"]
[WhiteElo "1922"]
[BlackElo "1942"]

1. d4 Nf6 2. c4 c5 3. Nf3 e6 4. Nc3 cxd4 5. Nxd4 a6 6. Bg5 Be7 7. e4 Qa5 8. Qd2
Nc6 9. Nb3 Qc7 10. f3 O-O 11. Bd3 b6 12. O-O Bb7 13. Rad1 Rfd8 14. Qc1 d5 15.
cxd5 exd5 16. Nxd5 Nxd5 17. exd5 Bxg5 18. Qxg5 Nb4 19. Be4 Nxa2 20. Nd4 Qc5 21.
Kh1 h6 22. Qh5 Bxd5 23. Qe5 Bxe4 24. Qxe4 Re8 25. Qb7 Nb4 26. Qd7 Rad8 27. Qg4
Nd5 28. Nf5 g6 29. Nxh6+ Kg7 30. Qh4 Nf6 31. Rxd8 Rxd8 32. Qf4 Qf2 33. Qc1 Qd2
34. Ng4 Nxg4 35. fxg4 Qxc1 36. Rxc1 Rd2 37. Rb1 a5 38. Kg1 a4 39. Ra1 b5 40. Rb1
b4 41. h3 Kf6 42. Kh2 Ke5 43. Kg3 g5 44. Kf3 Kd4 45. Ra1 Rxb2 46. Rxa4 Kc3 47.
Ra7 Rd2 48. Rxf7 b3 49. Rc7+ Kd3 50. Rd7+ Kc2 51. Rc7+ Kd1 52. g3 b2 53. Rb7 Kc1
54. h4 b1=Q 55. Rxb1+ Kxb1 56. hxg5 Rd4 57. g6 Kc2 58. g7 Rd8 59. Kf4 Rg8 60. g5
Rxg7 61. g4 Kd3 62. Kf5 Rf7+ 63. Ke6 Rf4 64. g6 Rxg4 65. Kf7 Rf4+ 66. Kg8 Ke4
67. g7 Kf5 68. Kh8 Rh4+ 69. Kg8 Kg6 70. Kf8 Rf4+ 71. Kg8 Rf5 72. Kh8 Rh5+ 73.
Kg8 Rh7 74. Kf8 Rxg7 75. Ke8 Kf6 76. Kd8 Ke6 77. Kc8 Kd6 78. Kb8 Kc6 79. Ka8 Kb6
0-1

[Event "AUTO-MASTER-1853"]
[Site "http://www.queenalice.com/game.php?id=1171353"]
[Date "2013.4.13"]
[Round "1"]
[White "Sambafor"]
[Black "wederpacheco2"]
[Result "1-0"]
[WhiteElo "2105"]
[BlackElo "1911"]

1. d4 Nf6 2. c4 c5 3. d5 e6 4. Nc3 exd5 5. cxd5 d6 6. Nf3 g6 7. e4 Bg7 8. Bg5 a6
9. Bd3 O-O 10. O-O Nbd7 11. Qd2 b5 12. Bh6 Ng4 13. Bxg7 Kxg7 14. h3 Nge5 15.
Nxe5 Nxe5 16. f4 Nxd3 17. Qxd3 Qb6 18. Kh1 c4 19. Qe2 b4 20. Nd1 a5 21. f5 f6
22. h4 Ba6 23. Qg4 Qd4 24. fxg6 hxg6 25. h5 g5 26. Qf5 Qe5 27. Qg6+ Kh8 28. Ne3
Qe7 29. Ng4 Qg7 30. Rxf6 Rxf6 31. Qxf6 Qxf6 32. Nxf6 Rf8 33. Ng4 Kg7 34. Ne3 Rf4
35. Nf5+ Kf6 36. Re1 Ke5 37. h6 1-0

[Event "AUTO-MASTER-1853"]
[Site "http://www.queenalice.com/game.php?id=1171354"]
[Date "2013.4.13"]
[Round "1"]
[White "wederpacheco2"]
[Black "Sambafor"]
[Result "1-0"]
[WhiteElo "1894"]
[BlackElo "2111"]

1. e4 g6 2. d4 Bg7 3. Be3 d6 4. Qd2 Nc6 5. Bb5 Bd7 6. Nc3 e5 7. Nge2 a6 8. Bxc6
Bxc6 9. d5 Bd7 10. O-O-O f5 11. Bg5 Ne7 12. f4 h6 13. Bh4 O-O 14. exf5 Bxf5 15.
h3 exf4 16. Nxf4 g5 17. g4 Bd7 18. Bxg5 hxg5 19. Nh5 Ng6 20. Ne4 Bh6 21. h4 Nf4
22. hxg5 Bxg5 23. Nxg5 Qxg5 24. Kb1 Rf7 25. Qh2 Nxh5 26. gxh5 Qf4 27. Rhg1+ Kh8
28. Qg2 Qh6 29. Rde1 Rg7 30. Qxg7+ Qxg7 31. Rxg7 Kxg7 32. Re7+ Kh6 33. Rxd7 Rg8
34. c4 Rg7 35. Rxg7 Kxg7 36. b4 Kh6 37. Kc2 Kxh5 38. Kd3 Kg4 39. Ke4 c6 40. dxc6
bxc6 41. a4 Kg5 42. b5 1-0

[Event "AUTO-MASTER-1853"]
[Site "http://www.queenalice.com/game.php?id=1171369"]
[Date "2013.4.13"]
[Round "1"]
[White "GMcruz"]
[Black "wederpacheco2"]
[Result "1-0"]
[WhiteElo "2064"]
[BlackElo "2016"]

1. e4 c6 2. d4 d5 3. e5 Bf5 4. Nc3 e6 5. g4 Bg6 6. Nge2 c5 7. Be3 Nc6 8. f4 Qh4+
9. Ng3 cxd4 10. Bxd4 Nxd4 11. Qxd4 Ne7 12. O-O-O Nc6 13. Bb5 Be7 14. f5 Qg5+ 15.
Kb1 exf5 16. gxf5 Bxf5 17. Nxd5 O-O 18. Bxc6 Bxc2+ 19. Kxc2 Qg6+ 20. Kb3 Bg5 21.
Bb5 Rfd8 22. h4 Rxd5 23. Qxd5 Bxh4 24. Rxh4 Qxg3+ 25. Rd3 Qxh4 26. Qxb7 Rf8 27.
Bc4 a5 28. Qc7 h6 29. Rd7 a4+ 30. Kxa4 Ra8+ 31. Kb5 1-0

[Event "AUTO-MASTER-1853"]
[Site "http://www.queenalice.com/game.php?id=1171370"]
[Date "2013.4.13"]
[Round "1"]
[White "wederpacheco2"]
[Black "GMcruz"]
[Result "0-1"]
[WhiteElo "1977"]
[BlackElo "2089"]

1. e4 e5 2. Nf3 Nc6 3. Bb5 a6 4. Ba4 Nf6 5. O-O Be7 6. Re1 b5 7. Bb3 d6 8. c3
Na5 9. Bc2 c5 10. d4 Qc7 11. Nbd2 Bg4 12. d5 c4 13. h3 Bh5 14. g4 Bg6 15. Nf1
Nb7 16. a4 O-O 17. N1h2 Nc5 18. Nd2 h6 19. Kg2 Nfd7 20. f3 Bg5 21. Ndf1 f6 22.
Ne3 Bf7 23. Nf5 bxa4 24. Bxa4 Nd3 25. Re2 Bxc1 26. Rxc1 Nxc1 27. Qxc1 Nc5 28.
Bc2 a5 29. h4 Bg6 30. Ng3 a4 31. g5 h5 32. gxf6 Rxf6 33. Qg5 Qf7 34. Nhf1 Rxf3
35. Nf5 Bxf5 36. exf5 Rf4 37. Ne3 a3 38. bxa3 Rxa3 39. Nxc4 Rxc4 40. f6 Rg4+ 0-1

[Event "AUTO-MASTER-1853"]
[Site "http://www.queenalice.com/game.php?id=1171379"]
[Date "2013.4.13"]
[Round "1"]
[White "brindleleaf"]
[Black "wederpacheco2"]
[Result "0-1"]
[WhiteElo "1559"]
[BlackElo "1950"]

1. d4 Nf6 2. Bg5 e6 3. e4 Be7 4. Nd2 d5 5. e5 Nfd7 6. Bxe7 Qxe7 7. c3 c5 8. f4
Nc6 9. Ndf3 cxd4 10. cxd4 Qb4+ 11. Qd2 Ke7 12. Qxb4+ Nxb4 13. Kd2 b6 14. a3 Nc6
0-1

[Event "AUTO-MASTER-1853"]
[Site "http://www.queenalice.com/game.php?id=1171380"]
[Date "2013.4.13"]
[Round "1"]
[White "wederpacheco2"]
[Black "brindleleaf"]
[Result "1-0"]
[WhiteElo "1950"]
[BlackElo "1559"]

1. e4 g6 2. d4 Bg7 3. Be3 d6 4. f4 a6 5. Nc3 Nd7 6. Qd2 b5 7. a3 Bb7 8. O-O-O b4
9. axb4 a5 10. b5 a4 11. Kb1 c6 12. bxc6 Bxc6 13. d5 Bb7 14. Bd4 1-0

[Event "Challenge"]
[Site "http://www.queenalice.com/game.php?id=1172495"]
[Date "2013.4.17"]
[Round "-"]
[White "AlekinePb"]
[Black "wederpacheco2"]
[Result "1-0"]
[WhiteElo "1943"]
[BlackElo "1948"]

1. d4 Nf6 2. c4 c5 3. Nf3 e6 4. Nc3 d5 5. Bg5 Be7 6. e3 cxd4 7. Nxd4 a6 8. cxd5
Nxd5 9. Bxe7 Nxe7 10. Be2 O-O 11. Bf3 e5 12. Nb3 f5 13. Qxd8 Rxd8 14. O-O e4 15.
Be2 Nbc6 16. Rfd1 Be6 17. Nc5 Bc8 18. N3a4 b6 19. Nxb6 Rb8 20. Nxc8 Rdxc8 21.
Bxa6 Rc7 22. Ne6 Ra7 23. Bc4 Kh8 24. Bb3 Ne5 25. Rac1 Nd3 26. Rc2 h6 27. Kf1 Ra6
28. Nc5 Rd6 29. Nxd3 exd3 30. Rcd2 1-0

[Event "Challenge"]
[Site "http://www.queenalice.com/game.php?id=1175091"]
[Date "2013.4.25"]
[Round "-"]
[White "AlekinePb"]
[Black "wederpacheco2"]
[Result "1-0"]
[WhiteElo "1828"]
[BlackElo "1982"]

1. d4 Nf6 2. c4 c5 3. Nc3 e6 4. Nf3 cxd4 5. Nxd4 d5 6. cxd5 Nxd5 7. Qb3 Nxc3 8.
Qxc3 Qb6 9. Qxc8+ Ke7 10. Qc4 f6 11. e3 Nd7 12. Be2 Kf7 13. O-O Bd6 14. Nf5 Be5
15. Ng3 h5 16. Ne4 Rac8 17. Qa4 Qc7 18. Rb1 Bxh2+ 19. Kh1 h4 20. f4 Bg3 21. Nxg3
hxg3+ 22. Kg1 Qd8 23. Bg4 f5 24. Bh3 Nc5 25. Qd4 Qe7 26. b3 Ne4 27. Bb2 Rh7 28.
Rf3 Rc2 29. Rc1 Qc7 30. Rxc2 Qxc2 31. Qd7+ Kg6 32. Qxe6+ Nf6 33. Rxg3+ 1-0

[Event "Challenge"]
[Site "http://www.queenalice.com/game.php?id=1175123"]
[Date "2013.4.25"]
[Round "-"]
[White "wederpacheco2"]
[Black "AlekinePb"]
[Result "1-0"]
[WhiteElo "1967"]
[BlackElo "1813"]

1. e4 c6 2. d4 d5 3. exd5 cxd5 4. Nf3 Nf6 5. Bd3 Bg4 6. h3 Bh5 7. c3 e6 8. Nbd2
Bd6 9. Qb3 Qc7 10. O-O Nbd7 11. Re1 O-O 12. Qc2 a6 13. Ng5 Bg6 14. Bxg6 hxg6 15.
Ndf3 e5 16. dxe5 Nxe5 17. Be3 Nxf3+ 18. Nxf3 Ne4 19. Rad1 f5 20. Rxd5 f4 21.
Qxe4 fxe3 22. Rxe3 Rad8 23. Qe6+ Kh8 24. Red3 Rf6 25. Qg4 Qc6 26. Ng5 Rf4 27.
Qxf4 1-0